Do public employees "game" performance budgeting systems?" (Record no. 508151)

000 -LEADER
fixed length control field 01261nam a2200169 4500
008 - FIXED-LENGTH DATA ELEMENTS--GENERAL INFORMATION
fixed length control field 190313b ||||| |||| 00| 0 eng d
100 ## - MAIN ENTRY--PERSONAL NAME
Personal name Sohn, Hosung
245 ## - TITLE STATEMENT
Title Do public employees "game" performance budgeting systems?"
Remainder of title evidence from the program assessment rating tool in Korea
260 ## - PUBLICATION, DISTRIBUTION, ETC. (IMPRINT)
Date of publication, distribution, etc 2018
300 ## - PHYSICAL DESCRIPTION
Extent p.458-475.
520 ## - SUMMARY, ETC.
Summary, etc We examine whether performance budgeting systems such as the Program Assessment Rating Tool (PART) induce public employees to engage in “gaming” behavior. We propose an algorithm for detecting gaming behavior that makes use of the discrete nature of the PART system in Korea (KPART) and the revealed patterns of the distribution of the KPART scores. By employing the test developed by McCrary, we find suspicious patterns in the density of the KPART scores and evidence points to the fact that manipulation is prevalent in the KPART system. Our analysis suggests that public employees are sensitive to negative incentives and that great care must be taken when designing performance budgeting systems. - Reproduced.
650 ## - SUBJECT ADDED ENTRY--TOPICAL TERM
Topical term or geographic name as entry element Performance budget - Korea
9 (RLIN) 3260
700 ## - ADDED ENTRY--PERSONAL NAME
Personal name Bae, Kwang Bin
9 (RLIN) 3261
773 ## - HOST ITEM ENTRY
Main entry heading American Review of Public Administration
906 ## - LOCAL DATA ELEMENT F, LDF (RLIN)
Subject DIP Budget - Korea
942 ## - ADDED ENTRY ELEMENTS (KOHA)
Source of classification or shelving scheme
Item type Articles
Holdings
Withdrawn status Lost status Source of classification or shelving scheme Damaged status Not for loan Permanent location Current location Date acquired Serial Enumeration / chronology Barcode Date last seen Koha item type
          Indian Institute of Public Administration Indian Institute of Public Administration 2019-03-13 48(5), Jul, 2018: p.458-475. AR119212 2019-03-13 Articles

Powered by Koha